[Event "Warsaw AIG Life rapid 7th"]
[Site "Warsaw"]
[Date "2007.12.16"]
[Round "9"]
[White "Szczepinski, Michal"]
[Black "Shkuran, Danylo"]
[Result "0-1"]
[WhiteElo "2304"]
[BlackElo "2429"]
[PlyCount "60"]
[EventDate "2007.12.15"]
[EventType "swiss (rapid)"]
[EventRounds "13"]
[EventCountry "POL"]
[SourceTitle "CBM 121 Extra"]
[Source "ChessBase"]
[SourceDate "2008.01.10"]
[SourceVersion "1"]
[SourceVersionDate "2008.01.10"]
[SourceQuality "1"]

1. e4 g6 2. d4 Bg7 3. Nc3 d6 4. Be3 Nf6 5. f3 c6 6. Qd2 0-0 7. 0-0-0 b5 8. Bh6 b4 9. Nce2 Qa5 10. Kb1 Ba6 11. Bxg7 Kxg7 12. h4 h5 13. a3 c5 14. e5 Nfd7 15. Nf4 Bxf1 16. Rxf1 dxe5 17. Nxh5+ Kh7 18. Ng3 Nc6 19. h5 g5 20. Qxg5 e6 21. Nf5 exf5 22. h6 Rg8 23. Qxf5+ Kh8 24. Qxd7 Nxd4 25. Qd6 Qb6 26. Qxb6 axb6 27. axb4 Rxg2 28. Rc1 cxb4 29. Rh4 b3 30. Rxd4 bxc2+ 0-1

[Event "POL-chT 2nd League"]
[Site "Wysowa"]
[Date "2007.09.06"]
[Round "4"]
[White "Szczepinski, Michal"]
[Black "Ziolkowski, Dawid"]
[Result "1-0"]
[WhiteElo "2304"]
[BlackElo "2245"]
[PlyCount "35"]
[EventDate "2007.09.03"]
[EventType "team-swiss"]
[EventRounds "9"]
[EventCountry "POL"]
[SourceTitle "EXT 2010"]
[Source "ChessBase"]
[SourceDate "2010.11.25"]
[SourceVersion "1"]
[SourceVersionDate "2010.11.25"]
[SourceQuality "1"]
[WhiteTeam "Koszalin Hetman Politechnika"]
[BlackTeam "Bydgoszcz UKS MDK Nr 5"]
[WhiteTeamCountry "POL"]
[BlackTeamCountry "POL"]

1. e4 d6 2. d4 Nf6 3. Nc3 e5 4. Nf3 exd4 5. Nxd4 Be7 6. Be2 0-0 7. Bf4 Re8 8. Qd2 Nc6 9. 0-0-0 Nxd4 10. Qxd4 a6 11. Rhe1 c5 12. Qe3 Qa5 13. Bxd6 Bxd6 14. Rxd6 Be6 15. Red1 b5 16. Qxc5 Rac8 17. Qb6 Qb4 18. a3 1-0

[Event "POL-chT 2nd League"]
[Site "Wysowa"]
[Date "2007.09.05"]
[Round "3"]
[White "Antoniewski, Rafal"]
[Black "Szczepinski, Michal"]
[Result "1-0"]
[WhiteElo "2512"]
[BlackElo "2304"]
[PlyCount "57"]
[EventDate "2007.09.03"]
[EventType "team-swiss"]
[EventRounds "9"]
[EventCountry "POL"]
[SourceTitle "EXT 2010"]
[Source "ChessBase"]
[SourceDate "2010.11.25"]
[SourceVersion "1"]
[SourceVersionDate "2010.11.25"]
[SourceQuality "1"]
[WhiteTeam "Dankowice Pasjonat"]
[BlackTeam "Koszalin Hetman Politechnika"]
[WhiteTeamCountry "POL"]
[BlackTeamCountry "POL"]

1. e4 d6 2. d4 Nf6 3. Nc3 g6 4. Nf3 Bg7 5. h3 c6 6. a4 0-0 7. Be3 Qc7 8. Be2 Nbd7 9. 0-0 e5 10. dxe5 dxe5 11. Qd2 Re8 12. Rfd1 Bf8 13. Ng5 Nc5 14. Bc4 Be6 15. Qe2 h6 16. Nxe6 Nxe6 17. Qf3 Nd7 18. Ne2 Rad8 19. a5 b5 20. axb6 axb6 21. Rd3 Bg7 22. b4 Ndf8 23. Ra6 Rxd3 24. cxd3 Rb8 25. b5 cxb5 26. Bxb5 Rb7 27. Bc4 Nc5 28. Ra8 Ra7 29. Qxf7+ 1-0

[Event "POL Academic Cup 2nd"]
[Site "Wroclaw"]
[Date "2007.05.03"]
[Round "8"]
[White "Szczepinski, Michal"]
[Black "Mikulewicz, Joanna"]
[Result "1-0"]
[WhiteElo "2316"]
[BlackElo "2088"]
[PlyCount "75"]
[EventDate "2007.04.28"]
[EventType "swiss"]
[EventRounds "9"]
[EventCountry "POL"]
[SourceTitle "EXT 2011"]
[Source "ChessBase"]
[SourceDate "2010.11.26"]
[SourceVersion "1"]
[SourceVersionDate "2010.11.26"]
[SourceQuality "1"]

1. e4 c5 2. Nf3 d6 3. d4 cxd4 4. Qxd4 Nc6 5. Bb5 Bd7 6. Bxc6 Bxc6 7. Nc3 h6 8. Be3 Nf6 9. 0-0-0 e6 10. e5 Nd5 11. exd6 Qxd6 12. Ne5 Qb4 13. Nxd5 Bxd5 14. c4 Rc8 15. Kb1 Bc5 16. Qf4 f6 17. cxd5 Qxf4 18. Bxf4 fxe5 19. Bxe5 exd5 20. Rxd5 0-0 21. f3 Rfd8 22. Rhd1 Rxd5 23. Rxd5 Be3 24. Bc3 Rc7 25. Kc2 Kf7 26. Kd3 Bg1 27. h4 a6 28. h5 Bh2 29. g4 Ke6 30. Rd8 Rf7 31. Ke4 Bd6 32. Rg8 Bf8 33. f4 b5 34. a3 Kd7 35. g5 hxg5 36. fxg5 Ke6 37. g6 Rf5 38. Rxf8 1-0

[Event "POL Academic Cup 2nd"]
[Site "Wroclaw"]
[Date "2007.04.29"]
[Round "2"]
[White "Szczepinski, Michal"]
[Black "Czapiewska, Izabela"]
[Result "1-0"]
[WhiteElo "2316"]
[BlackElo "1984"]
[PlyCount "57"]
[EventDate "2007.04.28"]
[EventType "swiss"]
[EventRounds "9"]
[EventCountry "POL"]
[SourceTitle "EXT 2011"]
[Source "ChessBase"]
[SourceDate "2010.11.26"]
[SourceVersion "1"]
[SourceVersionDate "2010.11.26"]
[SourceQuality "1"]

1. e4 d5 2. exd5 Qxd5 3. Nc3 Qa5 4. d4 Nf6 5. Nf3 Bf5 6. Ne5 c6 7. Bd3 Bg6 8. 0-0 e6 9. Bf4 Qd8 10. Re1 Be7 11. Nxg6 hxg6 12. Ne2 Nbd7 13. Ng3 Nb6 14. c3 Nbd5 15. Bg5 Qc7 16. Qf3 0-0-0 17. a3 Nh5 18. Bxe7 Qxe7 19. Nxh5 Rxh5 20. h3 Nf6 21. Bf1 Rdh8 22. c4 g5 23. g4 Rh4 24. Bg2 Qc7 25. Re5 Nh7 26. Rae1 Rh6 27. d5 cxd5 28. cxd5 Re8 29. d6 1-0

[Event "Bydgoszcz-Torun"]
[Site "Bydgoszcz"]
[Date "2006.12.03"]
[Round "?.2"]
[White "Chrapkowski, Grzegorz"]
[Black "Szczepinski, Michal"]
[Result "1/2-1/2"]
[WhiteElo "2220"]
[BlackElo "2287"]
[PlyCount "106"]
[EventDate "2006.12.03"]
[EventType "team-match"]
[EventRounds "1"]
[EventCountry "POL"]
[SourceTitle "EXT 2018"]
[Source "ChessBase"]
[SourceDate "2017.10.13"]
[SourceVersion "1"]
[SourceVersionDate "2017.10.13"]
[SourceQuality "1"]

1. c4 e5 2. Nc3 Nf6 3. Nf3 Nc6 4. g3 d5 5. cxd5 Nxd5 6. Bg2 Nb6 7. 0-0 Be7 8. a3 0-0 9. b4 Be6 10. d3 a5 11. b5 Nd4 12. Rb1 f6 13. Nxd4 exd4 14. Na4 Bd5 15. Nxb6 cxb6 16. Bxd5+ Qxd5 17. a4 Rac8 18. e4 Qe6 19. Bb2 Bc5 20. Ba1 Kh8 21. Qb3 Qd7 22. f4 Bb4 23. Rbc1 Bd2 24. Rxc8 Rxc8 25. Kg2 Be3 26. h3 Qc7 27. Kf3 Qc2 28. Qxc2 Rxc2 29. f5 Ra2 30. e5 fxe5 31. Ke4 Rxa4 32. Kxe5 Kg8 33. Rb1 Kf7 34. Kd6 Ra3 35. Kc7 Rxd3 36. Kxb7 a4 37. Kxb6 Rb3 38. Rd1 a3 39. Bxd4 Rb1 40. Rxb1 Bxd4+ 41. Kc6 a2 42. Rd1 a1Q 43. Rxa1 Bxa1 44. Kd5 Kf6 45. g4 Be5 46. b6 h5 47. Ke4 hxg4 48. hxg4 Bb8 49. Kd5 Bf4 50. b7 Bb8 51. Kc6 Bg3 52. Kd7 Kg5 53. Ke7 Kxg4 1/2-1/2

[Event "POL-chT 2nd League"]
[Site "Lublin"]
[Date "2006.09.08"]
[Round "7.86"]
[White "Szczepinski, Michal"]
[Black "Kmiecik, Wojciech"]
[Result "1-0"]
[WhiteElo "2308"]
[BlackElo "2045"]
[PlyCount "37"]
[EventDate "2006.09.02"]
[EventType "team-swiss"]
[EventRounds "9"]
[EventCountry "POL"]
[SourceTitle "EXT 2019"]
[Source "ChessBase"]
[SourceDate "2018.10.10"]
[SourceVersion "1"]
[SourceVersionDate "2018.10.10"]
[SourceQuality "1"]
[WhiteTeam "Torun Apator"]
[BlackTeam "Przedwojow Debiut"]
[WhiteTeamCountry "POL"]
[BlackTeamCountry "POL"]

1. e4 e6 2. d4 d5 3. Nc3 Bb4 4. e5 Ne7 5. a3 Bxc3+ 6. bxc3 c5 7. Nf3 0-0 8. Bd3 f6 9. exf6 gxf6 10. 0-0 c4 11. Be2 Nbc6 12. Bh6 Re8 13. Nh4 Nf5 14. Nxf5 exf5 15. Bh5 Re7 16. Qf3 Qd6 17. Rfe1 Bd7 18. Bf4 Rxe1+ 19. Rxe1 1-0

[Event "POL-chT 2nd League"]
[Site "Lublin"]
[Date "2006.09.05"]
[Round "4.74"]
[White "Szczepinski, Michal"]
[Black "Kos, Pawel"]
[Result "0-1"]
[WhiteElo "2308"]
[BlackElo "2253"]
[PlyCount "106"]
[EventDate "2006.09.02"]
[EventType "team-swiss"]
[EventRounds "9"]
[EventCountry "POL"]
[SourceTitle "EXT 2019"]
[Source "ChessBase"]
[SourceDate "2018.10.10"]
[SourceVersion "1"]
[SourceVersionDate "2018.10.10"]
[SourceQuality "1"]
[WhiteTeam "Torun Apator"]
[BlackTeam "Pultusk Nadnarwianka"]
[WhiteTeamCountry "POL"]
[BlackTeamCountry "POL"]

1. e4 e5 2. Nf3 Nc6 3. Bb5 g6 4. 0-0 Bg7 5. c3 a6 6. Bc4 Nf6 7. d4 d6 8. dxe5 Nxe5 9. Nxe5 dxe5 10. Qxd8+ Kxd8 11. Bg5 Ke8 12. f3 Nd7 13. Na3 Nc5 14. Rad1 Be6 15. Rd2 b5 16. Bd5 Bxd5 17. Rxd5 Ne6 18. Be3 Rd8 19. Nc2 Rxd5 20. exd5 Nd8 21. a4 Nb7 22. axb5 axb5 23. Ra1 Kd7 24. Ra7 Nd6 25. Bc5 Rb8 26. Nb4 Bf8 27. Nc6 Re8 28. b4 f5 29. Bb6 Nc8 30. Rxc7+ Kd6 31. Na5 e4 32. Rc5 Nxb6 33. Rc6+ Kxd5 34. Rxb6 exf3 35. gxf3 Ke5 36. Nc6+ Kf4 37. Nd4 Bg7 38. Kf2 Bxd4+ 39. cxd4 Rd8 40. Rxb5 Rxd4 41. Ke2 Rc4 42. Kd3 Rc7 43. h4 Kxf3 44. h5 Kg4 45. hxg6 hxg6 46. Rc5 Rb7 47. b5 g5 48. Ke3 Ra7 49. Kd4 f4 50. Ke5 Kg3 51. Ke4 g4 52. b6 Ra4+ 53. Kd3 Rb4 0-1

[Event "POL-chT 2nd League"]
[Site "Lublin"]
[Date "2006.09.03"]
[Round "2.38"]
[White "Szczepinski, Michal"]
[Black "Drozd, Ryszard"]
[Result "1-0"]
[WhiteElo "2308"]
[BlackElo "2253"]
[PlyCount "61"]
[EventDate "2006.09.02"]
[EventType "team-swiss"]
[EventRounds "9"]
[EventCountry "POL"]
[SourceTitle "EXT 2019"]
[Source "ChessBase"]
[SourceDate "2018.10.10"]
[SourceVersion "1"]
[SourceVersionDate "2018.10.10"]
[SourceQuality "1"]
[WhiteTeam "Torun Apator"]
[BlackTeam "Szopienice HetMaN II"]
[WhiteTeamCountry "POL"]
[BlackTeamCountry "POL"]

1. e4 c5 2. Nf3 d6 3. d4 cxd4 4. Nxd4 Nf6 5. Nc3 a6 6. Be3 e6 7. f3 Qc7 8. Qd2 Be7 9. 0-0-0 Nc6 10. Kb1 0-0 11. g4 b5 12. h4 Nd7 13. g5 Nde5 14. Be2 b4 15. Na4 Bd7 16. Nb3 Nxf3 17. Bxf3 Ne5 18. Nb6 Nxf3 19. Qg2 Ne5 20. Nxa8 Rxa8 21. Bd4 a5 22. h5 a4 23. Nc1 Be8 24. Nd3 Nc6 25. Be3 Qa5 26. Qd2 d5 27. exd5 Qxd5 28. Rhg1 Qf3 29. h6 g6 30. Bf4 Rd8 31. Rgf1 1-0

[Event "Lasker Memorial op-A"]
[Site "Barlinek"]
[Date "2006.06.11"]
[Round "9"]
[White "Szczepinski, Michal"]
[Black "Chlost, Marlena"]
[Result "1-0"]
[WhiteElo "2302"]
[BlackElo "2122"]
[PlyCount "109"]
[EventDate "2006.06.03"]
[EventType "swiss"]
[EventRounds "9"]
[EventCountry "POL"]
[SourceTitle "CBM 112 Extra"]
[Source "ChessBase"]
[SourceDate "2006.07.14"]
[SourceVersion "1"]
[SourceVersionDate "2006.07.14"]
[SourceQuality "1"]

1. e4 c5 2. Nf3 Nc6 3. d4 cxd4 4. Nxd4 Nf6 5. Nc3 e5 6. Ndb5 d6 7. Bg5 a6 8. Na3 b5 9. Bxf6 gxf6 10. Nd5 f5 11. g3 Bg7 12. Bg2 fxe4 13. Bxe4 Be6 14. Qh5 Rc8 15. Rd1 Ne7 16. Qg5 Nxd5 17. Qxg7 Qf6 18. Qxf6 Nxf6 19. Bb7 Rc5 20. c3 Bd5 21. Bxd5 Rxd5 22. Ke2 Ke7 23. Rxd5 Nxd5 24. Rd1 Nb6 25. b3 Rc8 26. Kd3 Ke6 27. Nc2 f5 28. Ne3 Nd5 29. Nxd5 Kxd5 30. Ra1 Kc5 31. a4 b4 32. Rc1 Kd5 33. c4+ Kc5 34. Ke3 Rd8 35. Rd1 d5 36. cxd5 Rxd5 37. Rxd5+ Kxd5 38. a5 f4+ 39. Kd3 Kc5 40. Ke4 Kb5 41. Kxe5 Kxa5 42. gxf4 Kb6 43. Kd5 Kc7 44. Kc5 a5 45. Kb5 Kd6 46. Kxa5 Ke6 47. Kxb4 Kf5 48. Kc5 Kxf4 49. b4 h5 50. b5 Kf3 51. b6 Kg2 52. b7 Kxh2 53. b8Q+ Kg2 54. Qf4 h4 55. Qg4+ 1-0

[Event "Krakow op-A"]
[Site "Krakow"]
[Date "2005.12.28"]
[Round "2"]
[White "Szelag, Marcin"]
[Black "Szczepinski, Michal"]
[Result "0-1"]
[WhiteElo "2477"]
[BlackElo "2307"]
[PlyCount "62"]
[EventDate "2005.12.27"]
[EventType "swiss"]
[EventRounds "9"]
[EventCountry "POL"]
[SourceTitle "CBM 110 Extra"]
[Source "ChessBase"]
[SourceDate "2006.03.10"]
[SourceVersion "2"]
[SourceVersionDate "2006.03.10"]
[SourceQuality "1"]

1. e4 e5 2. Nf3 Nc6 3. Bb5 a6 4. Ba4 Nf6 5. 0-0 b5 6. Bb3 Bc5 7. c3 d6 8. a4 Rb8 9. d4 Bb6 10. axb5 axb5 11. Na3 0-0 12. Nxb5 exd4 13. cxd4 Bg4 14. Be3 Re8 15. Qc2 Na5 16. Ba2 Qd7 17. Nc3 Nc6 18. Qd2 Bxf3 19. gxf3 Qh3 20. Qd1 Nh5 21. Ne2 Ra8 22. Ng3 Nxd4 23. Kh1 Ne6 24. Nxh5 Qxh5 25. f4 Qh3 26. Qe2 Nc5 27. f3 Nxe4 28. fxe4 Qxe3 29. Qc4 Re7 30. Bb3 Rxa1 31. Rxa1 Qf3# 0-1

[Event "Warsaw AIG Life rapid"]
[Site "Warsaw"]
[Date "2005.12.18"]
[Round "9"]
[White "Slaby, Jerzy"]
[Black "Szczepinski, Michal"]
[Result "1-0"]
[WhiteElo "2441"]
[BlackElo "2278"]
[PlyCount "83"]
[EventDate "2005.12.17"]
[EventType "swiss (rapid)"]
[EventRounds "13"]
[EventCountry "POL"]
[SourceTitle "CBM 110 Extra"]
[Source "ChessBase"]
[SourceDate "2006.03.10"]
[SourceVersion "2"]
[SourceVersionDate "2006.03.10"]
[SourceQuality "1"]

1. e4 e5 2. Nf3 Nc6 3. Bb5 a6 4. Ba4 Nf6 5. 0-0 b5 6. Bb3 Bc5 7. a4 Bb7 8. d3 d6 9. Nc3 b4 10. Nd5 Na5 11. Bg5 Nxb3 12. Bxf6 gxf6 13. cxb3 Bxd5 14. exd5 Qd7 15. d4 Ba7 16. Rc1 Bb6 17. Re1 Rg8 18. Qd3 a5 19. g3 0-0-0 20. Rc6 Kb7 21. Rec1 Rc8 22. Qb5 Qg4 23. Kg2 h5 24. dxe5 fxe5 25. Rxc7+ Rxc7 26. Rxc7+ Kxc7 27. Qc6+ Kd8 28. Qxd6+ Ke8 29. Qxb6 Rg6 30. Qb8+ Ke7 31. Qxe5+ Kf8 32. h3 Qd7 33. Qxh5 Kg8 34. h4 Qe7 35. Qf5 Rf6 36. Qg5+ Kf8 37. Ne5 Rd6 38. Qf4 Ke8 39. Nc6 Qf6 40. Qe4+ Kf8 41. Nxa5 Qxb2 42. Nc4 1-0

[Event "Warsaw AIG Life rapid"]
[Site "Warsaw"]
[Date "2005.12.18"]
[Round "11"]
[White "Zhigalko, Andrey"]
[Black "Szczepinski, Michal"]
[Result "1-0"]
[WhiteElo "2537"]
[BlackElo "2278"]
[PlyCount "79"]
[EventDate "2005.12.17"]
[EventType "swiss (rapid)"]
[EventRounds "13"]
[EventCountry "POL"]
[SourceTitle "CBM 110 Extra"]
[Source "ChessBase"]
[SourceDate "2006.03.10"]
[SourceVersion "2"]
[SourceVersionDate "2006.03.10"]
[SourceQuality "1"]

1. e4 e5 2. Nf3 Nc6 3. Bb5 a6 4. Ba4 Nf6 5. 0-0 b5 6. Bb3 Bc5 7. c3 d6 8. a4 Rb8 9. d4 Bb6 10. Na3 Bg4 11. axb5 axb5 12. Nxb5 0-0 13. d5 Ne7 14. Bc2 Ng6 15. h3 Bd7 16. c4 Bxb5 17. cxb5 Qe7 18. Bd3 Nh5 19. Kh2 Ngf4 20. Bc2 Qd7 21. Ng1 Nf6 22. g3 Ng6 23. Bd3 Ra8 24. Ra6 Qc8 25. Nf3 Nd7 26. b4 Qb7 27. Qe2 Nb8 28. Rxa8 Qxa8 29. Bd2 Nd7 30. Rc1 Qa3 31. Kg2 Ra8 32. Rc3 Qb2 33. Rc2 Qb3 34. Bc3 Ra7 35. Nd2 Qa4 36. Nc4 Bd4 37. Be1 Nb6 38. Na5 Qa1 39. Ra2 Qc1 40. Bd2 1-0

[Event "POL-chT U19 36th 1st League"]
[Site "Koszalin"]
[Date "2005.07.07"]
[Round "3"]
[White "Stopa, Jacek"]
[Black "Szczepinski, Michal"]
[Result "1-0"]
[WhiteElo "2460"]
[BlackElo "2259"]
[PlyCount "55"]
[EventDate "2005.07.05"]
[EventType "team-tourn"]
[EventRounds "11"]
[EventCountry "POL"]
[SourceTitle "CBM 107 Extra"]
[Source "ChessBase"]
[SourceDate "2005.09.01"]
[SourceVersion "1"]
[SourceVersionDate "2005.09.01"]
[SourceQuality "1"]
[WhiteTeam "Legnica Miedz U19"]
[BlackTeam "Torun Apator U19"]
[WhiteTeamCountry "POL"]
[BlackTeamCountry "POL"]

1. e4 d6 2. d4 Nf6 3. Nc3 g6 4. f4 Bg7 5. Nf3 0-0 6. Be3 b6 7. Qd2 Bb7 8. e5 Ng4 9. 0-0-0 dxe5 10. Nxe5 Nxe3 11. Qxe3 Nd7 12. Bb5 Nf6 13. d5 Qd6 14. Rhe1 Rad8 15. Nc6 Ng4 16. Nxe7+ Kh8 17. Qf3 Ne5 18. fxe5 Qxe7 19. Qg3 a6 20. Ba4 b5 21. Bb3 b4 22. Na4 Rfe8 23. d6 cxd6 24. exd6 Bh6+ 25. Kb1 Rxd6 26. Qxd6 Qxe1 27. Bxf7 Bf8 28. Bxe8 1-0

[Event "POL-chT U19 36th 1st League"]
[Site "Koszalin"]
[Date "2005.07.07"]
[Round "4"]
[White "Szczepinski, Michal"]
[Black "Kulesza, Mateusz"]
[Result "1/2-1/2"]
[WhiteElo "2259"]
[BlackElo "2294"]
[PlyCount "60"]
[EventDate "2005.07.05"]
[EventType "team-tourn"]
[EventRounds "11"]
[EventCountry "POL"]
[SourceTitle "CBM 107 Extra"]
[Source "ChessBase"]
[SourceDate "2005.09.01"]
[SourceVersion "1"]
[SourceVersionDate "2005.09.01"]
[SourceQuality "1"]
[WhiteTeam "Torun Apator U19"]
[BlackTeam "Rybnik MKSz U19"]
[WhiteTeamCountry "POL"]
[BlackTeamCountry "POL"]

1. e4 e6 2. d4 d5 3. Nc3 Nc6 4. e5 f6 5. exf6 Nxf6 6. Nf3 Bd6 7. Nb5 0-0 8. Nxd6 Qxd6 9. Be2 Bd7 10. 0-0 Ng4 11. h3 Rxf3 12. hxg4 Rff8 13. f4 Be8 14. Be3 Bg6 15. Bd3 Bxd3 16. Qxd3 Qe7 17. g3 Nd8 18. Rae1 Nf7 19. Bd2 Qd7 20. Bb4 Rfe8 21. Re2 a5 22. Ba3 b6 23. Rfe1 Rac8 24. Qd2 Nh6 25. g5 Nf5 26. Kh2 c5 27. dxc5 bxc5 28. Qxa5 Nd4 29. Rf2 Nb5 30. Rfe2 Nd4 1/2-1/2

[Event "Perla Baltyku op 1st"]
[Site "Mielno"]
[Date "2005.06.18"]
[Round "9"]
[White "Motyka, Michal"]
[Black "Szczepinski, Michal"]
[Result "1-0"]
[WhiteElo "2229"]
[BlackElo "2219"]
[PlyCount "69"]
[EventDate "2005.06.10"]
[EventType "swiss"]
[EventRounds "10"]
[EventCountry "POL"]
[SourceTitle "EXT 2006"]
[Source "ChessBase"]
[SourceDate "2005.11.24"]
[SourceVersion "1"]
[SourceVersionDate "2005.11.24"]
[SourceQuality "1"]

1. e4 c6 2. d4 d5 3. e5 Bf5 4. Nf3 e6 5. a3 Nd7 6. Be2 h6 7. 0-0 Ne7 8. Nbd2 c5 9. dxc5 Nxc5 10. b4 Nd7 11. Bb2 g5 12. Re1 Bg7 13. c4 0-0 14. Bf1 Ng6 15. Qb3 dxc4 16. Nxc4 Qb8 17. Rad1 Rd8 18. h3 Nf4 19. g4 Bg6 20. h4 gxh4 21. Nxh4 Nf8 22. Qg3 Nd5 23. f4 Bc2 24. Rd2 Ba4 25. g5 h5 26. f5 exf5 27. Nxf5 Ng6 28. Ncd6 h4 29. Qf3 Ndf4 30. Nxg7 Kxg7 31. Rd4 Bc6 32. Qf2 Rxd6 33. exd6 Ne6 34. Qf6+ Kg8 35. Rxh4 1-0

[Event "Perla Baltyku op 1st"]
[Site "Mielno"]
[Date "2005.06.16"]
[Round "7"]
[White "Malakhatko, Vadim"]
[Black "Szczepinski, Michal"]
[Result "1-0"]
[WhiteElo "2562"]
[BlackElo "2219"]
[PlyCount "105"]
[EventDate "2005.06.10"]
[EventType "swiss"]
[EventRounds "10"]
[EventCountry "POL"]
[SourceTitle "EXT 2006"]
[Source "ChessBase"]
[SourceDate "2005.11.24"]
[SourceVersion "1"]
[SourceVersionDate "2005.11.24"]
[SourceQuality "1"]

1. d4 Nf6 2. c4 g6 3. Nc3 Bg7 4. e4 d6 5. f3 0-0 6. Nge2 a6 7. Be3 Nc6 8. Qd2 Rb8 9. Rb1 Re8 10. b4 e5 11. d5 Ne7 12. Ng3 c6 13. a4 h5 14. a5 Nd7 15. Bd3 h4 16. Nge2 f5 17. 0-0 Rf8 18. h3 Kh7 19. Ba7 Ra8 20. Bf2 Ng8 21. Qe1 f4 22. Bxh4 g5 23. Bf2 Rf6 24. Na4 Rh6 25. Qd2 Qe8 26. Rfc1 Qh5 27. Kf1 Bf8 28. Ng1 c5 29. Rb3 Ngf6 30. Rcb1 Qe8 31. Qa2 Qd8 32. Qa3 Qc7 33. R3b2 Rb8 34. Ne2 Ne8 35. Bc2 Be7 36. Nc1 cxb4 37. Qxb4 Nc5 38. Nd3 Nxd3 39. Bxd3 Bd8 40. Nb6 Bxh3 41. gxh3 Rxh3 42. Ke2 g4 43. fxg4 Bg5 44. Rg1 Qf7 45. Qe1 f3+ 46. Kd1 Qf4 47. Kc2 Nf6 48. Kb3 Nxg4 49. c5 dxc5 50. Nc4 Nxf2 51. Qxf2 Bh4 52. Qf1 Rg8 53. Qxh3 1-0

[Event "Perla Baltyku op 1st"]
[Site "Mielno"]
[Date "2005.06.14"]
[Round "5"]
[White "Murawski, Grzegorz"]
[Black "Szczepinski, Michal"]
[Result "0-1"]
[WhiteElo "2519"]
[BlackElo "2219"]
[PlyCount "60"]
[EventDate "2005.06.10"]
[EventType "swiss"]
[EventRounds "10"]
[EventCountry "POL"]
[SourceTitle "EXT 2006"]
[Source "ChessBase"]
[SourceDate "2005.11.24"]
[SourceVersion "1"]
[SourceVersionDate "2005.11.24"]
[SourceQuality "1"]

1. d4 Nf6 2. c4 g6 3. Nc3 Bg7 4. e4 d6 5. Be2 0-0 6. Nf3 e5 7. Be3 Ng4 8. Bg5 f6 9. Bh4 Nc6 10. d5 Ne7 11. Nd2 Nh6 12. f3 g5 13. Bf2 f5 14. c5 Ng6 15. g3 fxe4 16. fxe4 Bh3 17. Be3 g4 18. Bf1 Qd7 19. Qe2 Bxf1 20. Rxf1 Rxf1+ 21. Nxf1 Nf7 22. Qb5 c6 23. Qa4 dxc5 24. dxc6 bxc6 25. Rd1 Qe6 26. Nd2 Nf8 27. Nb3 Bh6 28. Nxc5 Qf6 29. Bxh6 Qxh6 30. Qb3 Qe3+ 0-1

[Event "Krakow op"]
[Site "Krakow"]
[Date "2004.12.29"]
[Round "3"]
[White "Szczepinski, Michal"]
[Black "Mola, Pietro"]
[Result "0-1"]
[WhiteElo "2189"]
[BlackElo "2294"]
[PlyCount "66"]
[EventDate "2004.12.27"]
[EventType "swiss"]
[EventRounds "9"]
[EventCountry "POL"]
[SourceTitle "CBM 104 Extra"]
[Source "ChessBase"]
[SourceDate "2005.03.01"]
[SourceVersion "1"]
[SourceVersionDate "2005.03.01"]
[SourceQuality "1"]

1. e4 c5 2. Nf3 d6 3. d4 cxd4 4. Nxd4 Nf6 5. Nc3 a6 6. Be3 e6 7. Qd2 b5 8. f3 Bb7 9. Nb3 Nbd7 10. 0-0-0 Rc8 11. Qf2 Rxc3 12. bxc3 Qc7 13. g4 h6 14. Qh4 Ne5 15. Be2 d5 16. g5 Ng6 17. Qe1 hxg5 18. Bxg5 Be7 19. Bxf6 gxf6 20. exd5 Bxd5 21. h4 Nf4 22. Kb2 f5 23. Rd4 Bf6 24. Bd1 Bc4 25. Qd2 Nd5 26. h5 a5 27. a3 Nb6 28. h6 Na4+ 29. Kb1 Bxb3 30. cxb3 Nxc3+ 31. Kb2 Nd5 32. Ka2 Qc3 33. Be2 Bxd4 0-1

[Event "POL-ch U18"]
[Site "Leba"]
[Date "2004.04.02"]
[Round "9"]
[White "Kuzmicz, Krystian"]
[Black "Szczepinski, Michal"]
[Result "1-0"]
[WhiteElo "2331"]
[BlackElo "2210"]
[PlyCount "113"]
[EventDate "2004.03.27"]
[EventType "swiss"]
[EventRounds "11"]
[EventCountry "POL"]
[SourceTitle "EXT 2005"]
[Source "ChessBase"]
[SourceDate "2004.11.15"]
[SourceVersion "1"]
[SourceVersionDate "2004.11.15"]
[SourceQuality "1"]

1. g3 d5 2. Bg2 Nf6 3. c4 c6 4. Nf3 Bf5 5. b3 e6 6. 0-0 Be7 7. Bb2 Nbd7 8. d3 h6 9. Nbd2 0-0 10. Qc2 Bh7 11. Bc3 a5 12. a3 Re8 13. Rfc1 Bd6 14. Qb2 Qe7 15. Ne5 Bxe5 16. Bxe5 Nxe5 17. Qxe5 Ng4 18. Qd4 h5 19. h3 Nh6 20. Qb2 h4 21. g4 g5 22. b4 axb4 23. axb4 Rxa1 24. Rxa1 f5 25. gxf5 Bxf5 26. b5 g4 27. bxc6 gxh3 28. Bf3 bxc6 29. Kh1 Kh7 30. Qb6 Qg7 31. Rg1 Qd7 32. Rc1 Re7 33. Qd4 Rg7 34. Qxh4 Qa7 35. cxd5 cxd5 36. Nf1 Qa3 37. Rd1 Qb3 38. Ne3 Rd7 39. Rg1 Qc3 40. Nxf5 exf5 41. Qxh3 Qf6 42. Qg3 d4 43. Qf4 Re7 44. Rc1 Nf7 45. Rc6 Re6 46. Rxe6 Qxe6 47. Qxd4 Qh6+ 48. Kg2 Qg5+ 49. Kh3 Qg6 50. Qh4+ Kg7 51. Qg3 Ng5+ 52. Kh4 Kh6 53. Qf4 Qf6 54. Bh5 Qe7 55. f3 Qd8 56. d4 Qe7 57. d5 1-0

[Event "POL-ch U18"]
[Site "Leba"]
[Date "2004.03.27"]
[Round "1"]
[White "Drzymala, Grzegorz"]
[Black "Szczepinski, Michal"]
[Result "0-1"]
[WhiteElo "1931"]
[BlackElo "2210"]
[PlyCount "122"]
[EventDate "2004.03.27"]
[EventType "swiss"]
[EventRounds "11"]
[EventCountry "POL"]
[SourceTitle "EXT 2005"]
[Source "ChessBase"]
[SourceDate "2004.11.15"]
[SourceVersion "1"]
[SourceVersionDate "2004.11.15"]
[SourceQuality "1"]

1. e4 d6 2. d4 Nf6 3. Nc3 g6 4. Nf3 Bg7 5. Bd3 0-0 6. 0-0 Bg4 7. h3 Bxf3 8. Qxf3 Nc6 9. Be3 Nd7 10. Ne2 Nb4 11. Bd2 Nxd3 12. Qxd3 c5 13. c3 Qb6 14. b3 Rac8 15. Rac1 c4 16. Qc2 cxb3 17. Qxb3 Qa6 18. Nf4 e6 19. g3 Nb6 20. Rfd1 Rc7 21. Rc2 Rfc8 22. Be1 Rc4 23. Ne2 Ra4 24. Nc1 Ra3 25. Qb1 d5 26. e5 Nc4 27. Nd3 Bf8 28. h4 Rc6 29. Nb4 Bxb4 30. Qxb4 Rc7 31. Bd2 Ra4 32. Qb1 Na3 33. Qc1 Qd3 34. Rb2 h5 35. Bg5 Qf3 36. Rb3 Nc4 37. Bf6 Kh7 38. Qb1 Rxa2 39. Qxa2 Qxd1+ 40. Kg2 Nd2 41. c4 Qxb3 42. Qxd2 Qxc4 43. Qa5 b6 44. Qa3 Rc8 45. Qxa7 Qc7 46. Qa3 Kg8 47. Qe3 Qc1 48. Qb3 Qc7 49. Qe3 Kh7 50. Qa3 b5 51. Qb4 Qd7 52. Qa3 Qb7 53. Qb4 Kg8 54. Qd2 Kh7 55. Qb4 Qd7 56. Qa3 Qe8 57. Qb2 Rc4 58. Bg5 b4 59. Be3 Qa4 60. Qe2 Qc2 61. Qf3 Qe4 0-1